00913nam a2200229 a 4500001001000000003000500010005001700015008004100032010001100073011001100084040000900095100003300104245017800137260004100315500006000356502008300416650004000499650001900539650002900558700002600587856007000613000109173CHAP20220329144040.0140408s2013 mx a sm |||||||spa d a105635 a106607 cCHAP1 aMarín Beltrán, Monserrat10aEvaluación de calidad de planta en respuesta al potacio y micorrización en brinzales de Pinus greggii Engelmann en viveroh[En línea]cpor Monserrat Marín Beltrán. aChapingo, Méx. :bEl autor,c2013. aPara ver el contenido del material haga clic en la liga aTesis (Ing. Agr. Esp. en Forestales) -- UACH. División de Ciencias foretales14aFertilizantesxEfecto en árboles.14aPinus greggii.14aPlantulasxMorfología.1 aMoreno Calvo, Enedina aFinding aiduhttp://10.13.5.2/tesis/sist109173.pdfzTeclea aquí